06196nab a2200757uuc4500001000800000005001700008007001000025008004100035035001200076040001300088041000800101100005900109245003300168505207200201505073202273650003403005650002903039650003303068650003503101650004503136650005503181650003703236650002903273650003803302650006103340650003803401700005203439700005103491700005503542700005703597700004903654700004603703700004403749700005603793700005303849700005603902700005203958700005104010700005004061700004204111700005504153700005604208700004304264700006104307700004904368700005204417700004404469700004904513700005804562700005504620700005704675700005304732700004704785700005504832700005304887700005204940700005204992700004605044700005405090700005005144700005205194700005405246773010905300942001005409999001905419135162920250220095926.0co|||||||131126e20120805 spa  a1351629 ccomduadb aspa10aSánchez Hernández, José Norbey4auteaut970324610aCiencias Básicas (dossier) aCONTENIDO: Estimación de la incertidumbre en la medición de un inductor de núcleo de hierro utilizando el método de la ley de ohm / José Norbey Sánchez Fernández, Andrés Felipe Galvis t, Luis G. Meza Contreras (pp. 150-160). -- El area del paralelogramo y poligonos inscritos / Campo Elías González Pineda, Sandra Milena García (pp. 161-165). -- Tecnologías para el estudio y prevención de tornados en el contexto del departamento del Atlántico / Gabriel Dario Piñeres Espitia (pp. 166-174). -- Modelo de Gestión de Demanda Energética Usando Tecnologías Inalámbricas / Fabio León Suárez Álvarez, Edilson Delgado Trejos (pp. 175-180). -- Diseño e implementación en FPGA de un modem 16QAM basado en cordic para satelites cognitivos / JuanEvelio Astaiza Hoyos, Héctor Fabio Bermúdez Orozco, Guefry Leider Agredo Méndez (pp. 181-187). -- Acondicionamiento del sensor de pH y temperatura para realizar titulaciones potenciométricas / Edwin Jhovany Alzate Rodriguez, José William Montes Ocampo, Robin Mario Escobar Escobar (pp. 188-196). -- Aislamiento e identificación de metabolitos secundarios presentes en hojas de Wigandia urens (Hydrophyllaceae) / Juan Camilo Vargas Gallego, Leovigilio Quijano (pp. 197-202). -- Ciclótidos de la especie Guettarda crispiflora (Rubiaceae) / Lina María González Cadavid, Oscar Marino Mosquera Martínez, Jaime Niño Osorio (pp. 203-210). -- Actividad alelopáltica del extracto en cloroformo de Henriettella trachyphylla y en acetato de etilo de Miconia coronata (melastomataceae) / Francisco Javier Jiménez González, Paola Ximena Erira Torres (pp. 211-215). -- Pensamiento matemático en ambientes no formales: un caso de investigación en etnomatemática / Mauricio Castañeda Alvarez, Mónica Angulo Cruz (pp. 216-221). -- Estudio del Potencial Eólico en Santa Rosa de Cabal para la Generación de Electricidad por Medio de Aerogeneradores / Fernando Dávila Delgado, David Fernando Martínez Villamil, Edwin Andrés Quintero Salazar (pp. 222-229). a -- Aspectos geométricos en modelos de competencia no-suaves que exhiben la bifurcación ZIP / José Rodrigo González Granada, Carlos Mario Escobar Callejas, Óscar Fernández S. (pp. 230-235). -- Comparación cualitativa y cuantitativa de las técnicas básicas de umbralización local para el procesamiento digital de imágenes / Jimy Alexander Cortes Osorio, José Andrés Chaves Osorio, Jairo Alberto Mendoza Vargas (pp. 236-241). -- Desigualdad de Chebyshev / Edgar Alirio Valencia Angulo, Yuri Alexander Poveda, Carlos Arturo Escudero Salcedo (pp. 242-246). -- Diseño y simulación de un controlador PD análogo con ISIS PROTEUS / Rodrigo Andres Franco Luna, Hugo Baldomiro Cano Garzón (pp. 247-254). aÁreas (Geometría)9114271 7aPolígonos2lemb913258 aDemanda energética9196571 aEficiencia energética936861 aRedes de sensores inalámbricas9167380 aQAM (Modulacion por amplitud en cuadratura)990691 aActividad antimicrobiana9130799 aPeptidos ciclicos994285 7aVariables aleatorias2lemb926996 aAmplificadores operacionales de transconductancia973947 aFunciones de transferencia94857010aMeza Contreras, Luis Gregorio4auteaut953033310aGonzalez Pineda, Campo Elias4auteaut941311910aGarcía Buitrago, Sandra Milena4auteaut958778410aPiñeres Espitia, Gabriel Darío4auteaut966803510aSuarez Alvarez, Fabio Leon4auteaut948200610aDelgado Trejos, Edilson4auteaut945348310aAstaiza Hoyos, Evelio4auteaut966787910aBermúdez Orozco, Héctor Fabio4auteaut966788010aAgredo Méndez, Guefry Leider4auteaut945998710aAlzate Rodríguez, Edwin Jhovany4auteaut971255410aMontes Ocampo, José William4auteaut970324710aEscobar Escobar, Robin Mario4auteaut968565510aVargas Gallego, Juan Camilo4auteaut970324810aQuijano, Leovigildo4auteaut971255510aGónzalez Cadavid, Lina María4auteaut971255610aMosquera Martínez, Oscar Marino4auteaut971255710aNiño Osorio, Jaime4auteaut935332610aJiménez Gónzalez, Francisco Javier4auteaut970324910aErira Torres, Paola Ximena4auteaut970325010aCastañeda Alvarez, Mauricio4auteaut968565710aAngulo Cruz, Mónica4auteaut965896710aDávila Delgado, Fernando4auteaut968565810aMartínez Villamil, David Fernando4auteaut971255910aQuintero Salazar, Edwin Andrés4auteaut957035610aGonzález Granada, José Rodrigo4auteaut962795810aEscobar Callejas, Carlos Mario4auteaut962769910aFernandez Santana, Oscar4auteaut950104410aCortés Osorio, Jimmy Alexander4auteaut981050010aChaves Osorio, José Andrés4auteaut970325210aMendoza Vargas, Jairo Alberto4auteaut941052210aValencia Angulo, Edgar Alirio4auteaut971256010aPoveda Quiñones, Yuri4auteaut950026810aEscudero Salcedo, Carlos Arturo4auteaut968565910aFranco Luna, Rodrigo Andres4auteaut969125810aCano Garzón, Hugo Baldomiro4auteaut970325410aGalvis Tabares, Andrés Felipe4auteaut96887430 tScientia Et Technica (Pereira)gVol. 17, No. 51, Ago. 2012. CD-ROM, p. 155-254w205375x0122-1701084632 cARIMP c670799d670799